<La> relación de América Latina con la Comunidad Europea.

Analýza možných dôsledkov európskej unifikácie pre hospodársku spoluprácu s LA a Karibikom. Postavenie Európy v zahraničnoobchodných vzťahoch LA. Úsilie LA o nadviazanie užších stykov s ES. Úloha Alide (Asociácia finančných inštitúcií LA pre rozvoj) v nadväzovaní stykov s ES.

Guardado en:
Detalles Bibliográficos
Autor principal: Arriola, S.
Formato: Capítulo de libro
Lenguaje:español
Materias:
Etiquetas: Agregar Etiqueta
Sin Etiquetas, Sea el primero en etiquetar este registro!

MARC

LEADER 00000naa a2200000 4500
001 r011068
005 20221208122358.9
041 0 |a spa 
044 |a MX 
245 1 0 |a <La> relación de América Latina con la Comunidad Europea.  |c S. Arriola 
520 |a Analýza možných dôsledkov európskej unifikácie pre hospodársku spoluprácu s LA a Karibikom. Postavenie Európy v zahraničnoobchodných vzťahoch LA. Úsilie LA o nadviazanie užších stykov s ES. Úloha Alide (Asociácia finančných inštitúcií LA pre rozvoj) v nadväzovaní stykov s ES. 
610 2 0 |a Európa 
610 2 0 |a Latinská Amerika 
610 2 0 |a spolupráca hospodárska medzinárodná 
610 2 0 |a vzťahy hospodárske vonkajšie 
610 2 0 |a investície rozvojové 
610 2 0 |a Európske spoločenstvá 
610 2 0 |a politika zahraničnoobchodná 
610 2 0 |a Alide 
100 1 |a Arriola, S.